000 00734nam a2200289Ia 4500
005 20260324140437.0
008 008 260324s9999 xx 000 0 eng d
020 _a9781003352914
037 _aEBOOK
040 _aCRL
040 _beng
040 _cCRL
041 _2eng
041 _aeng
084 _qCRL
100 _aJürgen Tampke
_91204410
245 0 _aRuthless Warfare
245 0 _bGerman Military Planning and Surveillance in the Australia-New Zealand Region Before the Great War
260 _bTaylor and Francis
260 _c1998
365 _a
365 _b150
856 _uhttp://www.taylorfrancis.com/books/9781003352914
942 _cEBOOK
999 _c1806506
_d1806506